| 000 | 00908cam a2200289 4500 | ||
|---|---|---|---|
| 001 | M1596 | ||
| 008 | 090401t1994 xxu||||| |||| 00| 0 eng d | ||
| 035 | _a(Sirsi) u33194 | ||
| 041 | _aeng | ||
| 050 | _a333.72 | ||
| 110 |
_aUnited Kingdom _bDepartment of the Environment _9982 |
||
| 245 | _aSampling strategies for contaminated land. | ||
| 260 |
_aLondon _bDepartment of the Environment _c1994 |
||
| 300 | _a15p. : ill. ; 30cm | ||
| 350 | _a7 | ||
| 490 | _aContaminated Land Research Report | ||
| 490 |
_aCLR Report _v4 |
||
| 520 | _aPrepared by the Centre for Research into the Built Environment, Nottingham Trent University. | ||
| 650 | _aCENTRE FOR RESEARCH INTO THE BUILT ENVIRONMENT | ||
| 650 | _aCONTAMINATED LAND | ||
| 650 | _aSAMPLING STRATEGIES | ||
| 650 | _aSITE ASSESSMENT | ||
| 690 | _aLAND | ||
| 710 |
_aNottingham Trent University _9672 |
||
| 942 | _n0 | ||
| 948 | _c04/03/1997 | ||
| 999 |
_c89786 _d89786 |
||